000 00561nam a2200205Ia 4500
005 20230607095305.0
008 131103s9999 xx 000 0 und d
040 _aLoreto College
041 _aEnglish
082 _aF
_bCOL
100 _aCollins,Wilkie
245 4 _aThe Women in white
_cWilkie Collins,with an introduction by Frederick R.Karl
250 _a2nd Edition
260 _aNew York
_bNew American Library
_c1985
300 _a624 p.
650 _aFiction in English
700 _aKarl,Frederick R.;introd.
850 _aLCLIB
942 _cBK
999 _c16605
_d67084